| 000 | 00578nab#a2200217#c#4500 | ||
|---|---|---|---|
| 999 |
_c53479 _d53479 |
||
| 003 | IEF | ||
| 005 | 20191203175849.0 | ||
| 008 | 950704s1976 uuu|| #####0 b| |u | ||
| 040 |
_aIEF _cES-MaIEF |
||
| 100 | 1 |
_aViñas Peya, Juan _945538 |
|
| 245 |
_aLos precios en el transporte _c Juan Viñas Peya |
||
| 260 | _c1976 | ||
| 500 | _aBibliografía | ||
| 650 | 4 |
_aTRANSPORTES _948594 |
|
| 650 | 4 |
_aPRECIOS _948092 |
|
| 650 | 4 |
_aPOLITICA DE TRANSPORTES _948054 |
|
| 773 | 0 |
_tHacienda pública española _w34570 _g41, p. 253-274 |
|
| 942 | _2udc | ||
| 942 | _2udc | ||